000 00734cab a2200241 4500
001 ABS54714
008 090401t1996 xxu||||| |||| 00| 0 eng d
035 _a(Sirsi) u11928
041 _aeng
100 _aSlater, D.
245 4 _aThe Environment Agency and the role of pollution prevention and control
260 _c1996
350 _a0
490 _aWaste Planning
_v(18) March 1996, 32-34(3)
520 _aOutlines the responsibilities of the Environment Agency which starts work on 1 April 1996.
650 _aENVIRONMENT AGENCY
650 _aENVIRONMENTAL MANAGEMENT
650 _aWASTE MANAGEMENT
650 _aWATER POLLUTION
690 _aENVIRONMENTAL AND LAND CONSULTANCY
942 _n0
948 _c04/03/1997
999 _c7626
_d7626